| 000 | 00493nam a2200181Ia 4500 | ||
|---|---|---|---|
| 999 |
_c29244 _d29244 |
||
| 003 | OSt | ||
| 005 | 20201229094433.0 | ||
| 008 | 190216s9999||||xx |||||||||||||| ||und|| | ||
| 020 | _a9788124014233 | ||
| 040 | _coclc | ||
| 082 |
_a894.812301 _bNAN/K |
||
| 100 |
_aNanu, P K _97939 |
||
| 245 | 0 |
_aKathayalla / _cP K Nanu |
|
| 260 |
_bCurrent Books, _aKottayam: _c2004. |
||
| 300 | _a130p | ||
| 650 | _aKathakal | ||
| 942 |
_cBK _2ddc _h894.812301 _iNAN/K _k894.812301 _mNAN/K |
||